CONFLITS ISRAELO ARABES - Statistiques

Statistiques générales
  • Ce quiz a été pris 68 fois
  • Le résultat moyen est 5 sur 38
Statistiques - réponses
Évenement Date % Correct
Accords d'Oslo 1993
51%
Seconde intifada 2000
39%
Première intifada 1987
32%
Création du Hamas 1987
32%
Retrait israélien unilatéral de Gaza 2005
32%
Résolution 242 de l'ONU 1967
22%
Création du Hezbollah 1982
22%
Traité de paix israël jordanie 1994
22%
Guerre du Liban 1982
20%
Guerre de Gaza (opération "Bordure protectrice") 2014
20%
Création des Frères musulmans 1928
17%
Guerre civile au Liban 1975-1990
17%
Accord de paix bilatéral Israel-egypte 1979
17%
Résolution 181 1947
15%
Mort de Nasser 1970
12%
Prix Nobel de la Paix Sadate-Begin 1978
12%
Guerre Israël-Hezbollah 2006
12%
Arafat renonce officiellement au terrorisme 1988
10%
attentat des JO de Munich septembre 1972
10%
Grande révolte arabe 1936-1939
7%
Résolution 338 de l'ONU 1973
7%
Fin de l'évacuation du Sinaï 1982
7%
Accords de Camp David septembre 1978
7%
Charte nationale palestinienne révisée dans un sens plus violent 1968
5%
Loi israélienne votée rendant Jérusalem capitale "éternelle et indivisible" d'israel 1980
5%
Assassinat de Sadate 6 octobre 1981
5%
Nationalisation du canal de Suez 26 juillet 1956
2%
Israël envahit le Sinaï (protocole de Sèvres) 29 octobre 1956
2%
France/R-U bombardent les positions égyptiennes 31 octobre 1956
2%
Débarquement à Port-Saïd 5 novembre 1956
2%
cessez le feu imposé par USA URSS ONU 6 novembre 1956
2%
FUNU au Sinaï décembre 1956
2%
Coup d'État des officiers libre juillet 1952
2%
USA/R-U annulent le financement d'Assouan juillet 1956
2%
Fondation de l'OLP mai 1964
2%
R-U/France/Israël se retirent mars 1957
2%
Sadate devient le premier chef arabe à visiter Israel novembre 1977
2%
mandat de Menahem Begin 1977-1983
0%
Aucun quiz correspondant
Distribution des résultats
% des personnes avec chaque résultat
Percentile par nombre de réponses
Votre historique - résultats
Vous n’avez pas pris ce quiz